Computational materials science:from ab initio to Monte Carlo methods by K Ohno and others (Record no. 1211696)
[ view plain ]
| 000 -LEADER | |
|---|---|
| fixed length control field | 01303nam a2200337Ia 4500 |
| 003 - CONTROL NUMBER IDENTIFIER | |
| control field | OSt |
| 005 - DATE AND TIME OF LATEST TRANSACTION | |
| control field | 20221007123326.0 |
| 008 - FIXED-LENGTH DATA ELEMENTS--GENERAL INFORMATION | |
| fixed length control field | 221006b |||||||| |||| 00| 0 eng d |
| 020 ## - INTERNATIONAL STANDARD BOOK NUMBER | |
| International Standard Book Number | 3540639616 (Berlin:hbd) |
| 037 ## - SOURCE OF ACQUISITION | |
| Terms of availability | Textual |
| 040 ## - CATALOGING SOURCE | |
| Original cataloging agency | PAPL |
| Transcribing agency | PAPL |
| Language of cataloging | eng |
| 041 ## - LANGUAGE CODE | |
| Source of code | eng |
| Language code of text/sound track or separate title | eng |
| 100 ## - MAIN ENTRY--PERSONAL NAME | |
| Personal name | Ohno K |
| 9 (RLIN) | 717089 |
| 245 #0 - TITLE STATEMENT | |
| Title | Computational materials science:from ab initio to Monte Carlo methods by K Ohno and others |
| Remainder of title | Esfarjani K Kawazoe Y |
| 260 ## - PUBLICATION, DISTRIBUTION, ETC. | |
| Place of publication, distribution, etc. | Berlin |
| Name of publisher, distributor, etc. | Springer-Verlag |
| Date of publication, distribution, etc. | 1999 |
| 300 ## - PHYSICAL DESCRIPTION | |
| Extent | x,325p |
| Dimensions | cm. |
| 490 ## - SERIES STATEMENT | |
| Series statement | Springer series in solid-state sciences; 129 |
| 500 ## - GENERAL NOTE | |
| General note | Includes bibliographical references; Appendix A-D, 285-313p; Index 315-325p; ^n23/CSL/Carpa/99-2000/603^d1999-12-10^mPurchase; ; 2000-2001/20^b2000-05-10^c11910^d2000-05-05^eRs.2,692.73^fOverseas Press; ; 2000-05-17^bSB^c2000-07-21^dSB^r2000-10-03 |
| 650 ## - SUBJECT ADDED ENTRY--TOPICAL TERM | |
| Topical term or geographic name entry element | Computer simulation |
| 9 (RLIN) | 713688 |
| 650 ## - SUBJECT ADDED ENTRY--TOPICAL TERM | |
| Topical term or geographic name entry element | Materials |
| 9 (RLIN) | 713768 |
| 650 ## - SUBJECT ADDED ENTRY--TOPICAL TERM | |
| Topical term or geographic name entry element | Solid state |
| 650 ## - SUBJECT ADDED ENTRY--TOPICAL TERM | |
| Topical term or geographic name entry element | Physics |
| 700 ## - ADDED ENTRY--PERSONAL NAME | |
| Personal name | Esfarjani K |
| 9 (RLIN) | 717090 |
| 700 ## - ADDED ENTRY--PERSONAL NAME | |
| Personal name | Kawazoe Y |
| 9 (RLIN) | 717091 |
| 942 ## - ADDED ENTRY ELEMENTS (KOHA) | |
| Classification part | C211:(9S), N9 |
| Koha item type | Textual |
| Source of classification or shelving scheme | Colon Classification (CC) |
| Withdrawn status | Lost status | Source of classification or shelving scheme | Damaged status | Not for loan | Home library | Current library | Date acquired | Source of acquisition | Total Checkouts | Full call number | Barcode | Date last seen | Price effective from | Koha item type |
|---|---|---|---|---|---|---|---|---|---|---|---|---|---|---|
| Colon Classification (CC) | Department of Physics and Astrophysics Library | Department of Physics and Astrophysics Library | 2022-10-07 | Overseas, | C211:(9S) N9 | PA0005254 | 2022-10-07 | 2022-10-07 | Textual |
